000 00420nam a2200181Ia 4500
001 16664
005 20260306170326.0
008 260306t2005||||xx |||||||||||||| ||und||
041 _aESP
082 _a349.1
_bD66
100 _aDi Pietro, Alfredo
_eAUT
245 0 _aManual de derecho romano
260 _c2005
300 _a486 páginas :
_c23 cm.
650 _aGEN
654 _aCDE
942 _cLIB
_dJUS
_fJUS
_2ddc
_n
999 _c16664
_d16664